000 01042cam a2200301 i 4500
001 117520
005 20230410115901.0
008 140903s2009 sp a 000 0 spa
020 _a9788496487390
041 0 _aspa
050 1 4 _aHQ 1061
_bE61 2009
082 0 0 _a305.26
245 0 0 _aEnvejecimiento, tiempo libre y gestión del ocio /
_cJoaquín Giró Miranda (coordinador)
260 _a[Logroño] :
_bUniversidad de La Rioja, Servicio de Publicaciones,
_c2009.
300 _a266 p. :
_bil., gráf. ;
_c24 cm.
440 0 _aBiblioteca de investigación ;
_vn.55
504 _aIncluye referencias bibliográficas e indice.
650 0 _aAging
_xSocial aspects.
650 0 _aAging
_xPhysiological aspects.
650 4 _aEnvejecimiento
_xAspectos sociales.
650 4 _aEnvejecimiento
_xAspectos psicológicos.
650 4 _aAncianos
_xActividad recreativa.
650 4 _aAncianos
_xRecreación
650 4 _aOcio.
650 4 _aPrimera Jornada de Catalogacion.
700 1 _aGiró Miranda, Joaquín,
_ecoord.
942 _2lcc
_cbk
999 _c49795
_d49795